| 000 | 00582nam a2200193 a 4500 | ||
|---|---|---|---|
| 005 | 20240524063649.0 | ||
| 008 | 991125m19801997mx 000 0 spa u | ||
| 020 | _a9684110359 | ||
| 035 | _aUPN01000058046 | ||
| 049 | _aCG | ||
| 050 | 4 |
_aPQ7297 M64 _bA8.4 |
|
| 100 | 1 |
_aMonsiváis, Carlos, _d1938-2010 _928357 |
|
| 245 | 1 | 0 |
_aA ustedes les consta : _bantología de la crónica en México / _cCarlos Monsiváis. |
| 260 |
_aMéxico : _bEra, _c1980 (1997 impr.). |
||
| 300 |
_a366 p. : _bil. |
||
| 440 | 0 | _aBiblioteca Era | |
| 650 | 0 |
_aReporteros y reportajes _920969 |
|
| 905 | _aLibro | ||
| 999 |
_c58046 _d58046 |
||